| 000 | 01818nam a22002657a 4500 | ||
|---|---|---|---|
| 999 |
_c325563 _d325563 |
||
| 001 | 39424 | ||
| 003 | UA-OsUOA | ||
| 005 | 20230504161233.0 | ||
| 007 | ta | ||
| 008 | 20060619b un ||||| |||| 00| 0 ukr d | ||
| 020 | _a9663110449 | ||
| 040 |
_aUA-OsUOA _bukr _cUA-OsUOA _dUA-OsUOA |
||
| 041 | _aukr | ||
| 080 | _a336.14 | ||
| 090 |
_a336.14 _bП19 |
||
| 100 | _aПасічник Ю. В. | ||
| 245 |
_aБюджетна система України _bнавчальний посібник |
||
| 260 |
_aК. _bЗнання-Прес _c2006 |
||
| 300 | _a607 с. | ||
| 520 | _aУ посібнику розглядаються історія бюджетної системи України та інших країн світу (Давня Греція, Рим, Франція, США, Велика Британія) з часів зародження бюджетних відносин до сучасності, механізм функціонування органів управління та нормативна база бюджетної системи. Посібник підготовлено згідно з бюджетним законодавством, у тому числі Бюджетним кодексом України. У кінці кожного розділу наводяться висновки і контрольні запитання. Як додаток до книги подається словник офіційних термінів, що вживаються у нормативних актах, які регламентують функціонування бюджетної системи України. | ||
| 650 | 7 |
_a336 Фінанси _2UDC |
|
| 942 |
_cBK _2udc |
||
| 955 | _a2 | ||